Spoken English (Record no. 8058)
[ view plain ]
| 000 -LEADER | |
|---|---|
| fixed length control field | 00270nam a2200121Ia 4500 |
| 008 - FIXED-LENGTH DATA ELEMENTS--GENERAL INFORMATION | |
| fixed length control field | 191201s2011 xx 000 0 und d |
| 100 ## - MAIN ENTRY--PERSONAL NAME | |
| Personal name | SASIKUMAR, V |
| 245 #0 - TITLE STATEMENT | |
| Title | Spoken English |
| 250 ## - EDITION STATEMENT | |
| Edition statement | Rep |
| 260 ## - PUBLICATION, DISTRIBUTION, ETC. (IMPRINT) | |
| Date of publication, distribution, etc | 2011 |
| Name of publisher, distributor, etc | TMH |
| Place of publication, distribution, etc | NEW DELHI |
| 300 ## - PHYSICAL DESCRIPTION | |
| Extent | 281 |
| 942 ## - ADDED ENTRY ELEMENTS (KOHA) | |
| Source of classification or shelving scheme | Dewey Decimal Classification |
| Koha item type | Text Books |
| 942 ## - ADDED ENTRY ELEMENTS (KOHA) | |
| -- | 5 |
| Withdrawn status | Lost status | Source of classification or shelving scheme | Damaged status | Not for loan | Collection code | Home library | Current library | Date acquired | Source of acquisition | Cost, normal purchase price | Bill Number | Total Checkouts | Full call number | Acc. no. / Barcode | Date last seen | Date last borrowed | Bill Date | Koha item type |
|---|---|---|---|---|---|---|---|---|---|---|---|---|---|---|---|---|---|---|
| Dewey Decimal Classification | Diploma in Mechanical | PIET C-LIBRARY | PIET C-LIBRARY | 07/07/2012 | IBH, New Delhi | 250.00 | 5187 | 2 | 429 SAS | DE278 | 02/03/2023 | 17/02/2023 | 07/07/2012 | Text Books | ||||
| Dewey Decimal Classification | Diploma in Mechanical | PIET C-LIBRARY | PIET C-LIBRARY | 07/07/2012 | IBH, New Delhi | 250.00 | 5187 | 2 | 429 SAS | DE279 | 24/03/2021 | 17/03/2021 | 07/07/2012 | Text Books | ||||
| Dewey Decimal Classification | Diploma in Mechanical | PIET C-LIBRARY | PIET C-LIBRARY | 07/07/2012 | IBH, New Delhi | 250.00 | 5187 | 429 SAS | DE280 | 04/12/2019 | 07/07/2012 | Text Books | ||||||
| Dewey Decimal Classification | Diploma in Mechanical | PIET C-LIBRARY | PIET C-LIBRARY | 07/07/2012 | IBH, New Delhi | 250.00 | 5187 | 429 SAS | DE281 | 04/12/2019 | 07/07/2012 | Text Books | ||||||
| Dewey Decimal Classification | Diploma in Mechanical | PIET C-LIBRARY | PIET C-LIBRARY | 07/07/2012 | IBH, New Delhi | 250.00 | 5187 | 429 SAS | DE282 | 04/12/2019 | 07/07/2012 | Text Books | ||||||
| Dewey Decimal Classification | Diploma in Mechanical | PIET C-LIBRARY | PIET C-LIBRARY | 07/07/2012 | IBH, New Delhi | 250.00 | 5187 | 1 | 429 SAS | DE283 | 24/02/2021 | 09/02/2021 | 07/07/2012 | Text Books |